000 01520nam a22002177a 4500
999 _c59335
_d59335
003 Ge_BSU
005 20230124135031.0
008 230124s2009 ge ||||| |||| 00| 0 geo d
020 _a9789941908521
041 _ageo
080 _a37.014.3 ე-25
100 _aევანსი, რობერტ
_916770
245 _aსასკოლო ცვლილების ადამიანური მხარე = The human side of school change :
_bრეფორმა, წინააღმდეგობა და ინოვაციის ცხოვრებისეული პრობლემები /
_cრობერტ ევანსი ; [მთარგმნ. კონსტანტინე გრძელიშვილი ; რედ.: არჩილ გამზარდია, ბერიკა შუკაკიძე, შორენა მაღლაკელიძე (სამეცნ. რედ.)].
264 _a[თბილისი] :
_b[ი. ჭავჭავაძის სახელმწ. უნ-ტის გამ-ბა],
_c[2009].
300 _a440 გვ. ;
_b20 სმ.
504 _aბიბლიოგრ. ტექსტ. შენიშვნ. და გვ. 428-439
653 _aგანათლების რეფორმა
653 _aსასკოლო რეფორმა
700 _aგრძელიშვილი, კონსტანტინე
_eმთარგმნელი
_916771
942 _2udc
_cBK